| 000 | 00812nam a2200265Ia 4500 | ||
|---|---|---|---|
| 999 |
_c54345 _d54345 |
||
| 001 | 21401 | ||
| 003 | GE_BSU | ||
| 005 | 20211109173201.0 | ||
| 008 | 181216s||||||||xx |||||||||||||| ||und|| | ||
| 020 | _a9780198592266 | ||
| 040 | _cGE_BSU | ||
| 080 | _a539.2 I-85 | ||
| 100 |
_aIshimaru, Akira _912872 |
||
| 245 |
_aWave : _bWave Propagation and Scattering in Random Media / _cAkira Ishimaru ; Series Editor Dudley D.G. |
||
| 264 |
_aNew York : _bIEEE Press, _c1997. |
||
| 300 |
_a574 p. ; _c25 cm. |
||
| 440 |
_aA classic Reissure _912873 |
||
| 500 | _aBibl. p. : 539-560, Index. p. : 561-572 | ||
| 541 | _h250 Gel. | ||
| 653 | _aWave Propagation and Scattering in Random Media | ||
| 653 | _aФизика | ||
| 653 | _aფიზიკა | ||
| 700 |
_aDudley, D.G. _eEditor _912874 |
||
| 942 |
_cBK _2udc |
||